000 00621nam a2200229Ia 4500
003 OSt
005 20220923230332.0
006 a|||||r|||| 00| 0
007 ta
008 Pun
024 _a279,535
037 _cTextual
040 _aARTS
_cARTS
_bPun
041 _2Pun
_aPun
082 _aO153,1NSH6,1, M0
100 _aFਾਸਤ੍ਰੀ, ਬ੍ਰਿਜ ਲਾਲ
_9168983
245 0 _aਰਾਮ ਗੀਤ
260 _c1980
650 _aਪੰਜਾਬੀ ਸਾਹਿਤ
942 _hO153,1NSH6,1, M0
_cTEXL
_2CC
999 _c384038
_d384038